| 000 | 00542nam a2200193 a 4500 | ||
|---|---|---|---|
| 005 | 20210219153313.0 | ||
| 008 | 991125n 000 0 u | ||
| 035 | _aUPN01000090331 | ||
| 100 | _aBETANCOURT, I. | ||
| 222 | _aRUMBOS: ORGANO DE LA COOPERATIVA MEXICANA DE LA ESCUELA NUEVA | ||
| 245 | _aNuevos rumbos en la educacion | ||
| 300 | _a7-8 | ||
| 362 | _a1953 Vol. 2, no. 9 (may.) | ||
| 653 | 0 |
_aINTELIGENCIA - _xPRUEBAS |
|
| 653 | 0 | _aPSICOLOGIA EDUCATIVA | |
| 653 | 0 | _aPSICOMETRIA | |
| 904 |
_aAC _b028142 |
||
| 905 | _aArticulo | ||
| 999 |
_c73596 _d73596 |
||